Indo - us relation into the 21st century (Record no. 117416)

MARC details
000 -LEADER
fixed length control field 00381nam a2200145Ia 4500
008 - FIXED-LENGTH DATA ELEMENTS--GENERAL INFORMATION
fixed length control field 230917s9999||||xx |||||||||||||| ||und||
040 ## - CATALOGING SOURCE
-- 100250
Original cataloging agency VIVEKANANDA LIBRARY
041 ## - Language
-- English
082 ## - DDC NUMBER
Classification number 327.54073 M278I
100 ## - MAIN ENTRY--PERSONAL NAME
Personal name Mahapatra, Chintamani
245 #0 - TITLE STATEMENT
Title Indo - us relation into the 21st century
260 ## - PUBLICATION, DISTRIBUTION, ETC. (IMPRINT)
Place of publication, distribution, etc New Delhi
Name of publisher, distributor, etc Knowledge World
Date of publication, distribution, etc 1998
300 ## - PHYSICAL DESCRIPTION
Pages 210 p.
942 ## - ADDED ENTRY ELEMENTS (KOHA)
Koha item type Books
Holdings
Withdrawn status Lost status Damaged status Not for loan Location (home branch) Sublocation or collection (holding branch) Date acquired Koha issues (times borrowed) Koha full call number Accession No. Koha date last seen Koha item type
        VIVEKANANDA LIBRARY VIVEKANANDA LIBRARY 01/01/2004 1 327.54073 M278I 208414 22/01/2025 Books
© Designed and Maintained by Vivekananda Library, MDU Rohtak